Kì quan khảo cổ : phim tài liệu = Wonders of Archaeology

Loại phim tài liệu đầy hấp dẫn này đưa người xem vào cuộc du hành ngược thời gian trở lại với những nền văn minh vĩ đại của quá khứ qua những khám phá khảo cổ học. Hãy cùng chiêm ngưỡng những kì quan kiến trúc của Phoenicia, của Hy Lạp v...

Descripció completa

Guardat en:
Dades bibliogràfiques
Format: Llibre
Idioma:Undetermined
Publicat: Sherman Oaks, CA,Thành phố Hồ Chí Minh Vision Films,Phương Nam Phim 1996,1996
Matèries:
Etiquetes: Afegir etiqueta
Sense etiquetes, Sigues el primer a etiquetar aquest registre!
Thư viện lưu trữ: Trung tâm Học liệu Trường Đại học Cần Thơ
LEADER 01300nam a2200205Ia 4500
001 CTU_168635
008 210402s9999 xx 000 0 und d
020 |c 49000 
082 |a 030 
082 |b K300/DVD.1 
245 0 |a Kì quan khảo cổ : phim tài liệu = 
245 0 |b Wonders of Archaeology 
245 0 |c Produced by Istituto Greografico de Agostini S.p.a.Documentary 
260 |a Sherman Oaks, CA,Thành phố Hồ Chí Minh 
260 |b Vision Films,Phương Nam Phim 
260 |c 1996,1996 
520 |a Loại phim tài liệu đầy hấp dẫn này đưa người xem vào cuộc du hành ngược thời gian trở lại với những nền văn minh vĩ đại của quá khứ qua những khám phá khảo cổ học. Hãy cùng chiêm ngưỡng những kì quan kiến trúc của Phoenicia, của Hy Lạp và La Mã cổ đại và tìm hiểu những bí ẩn được lộ diện dưới từng lớp bụi thời gian 
650 |a Archaeology,Civilization, Ancient,Lebanon Antiquities,Khảo cổ học,Nền văn minh cổ đại,Cổ vật Li Băng 
904 |i Âu Thị Ngọc Trang, Năm 
980 |a Trung tâm Học liệu Trường Đại học Cần Thơ